| 000 | 00452nam a2200133Ia 4500 | ||
|---|---|---|---|
| 008 | 170221s9999 xx 000 0 und d | ||
| 100 | _aEmuwa, Amara | ||
| 245 | _aAuthentic Leadership: Commitment to Supervisor, Follower Empowerment, and Procedural Justice Climate | ||
| 245 | _cAmara Emuwa | ||
| 260 | _c2014 | ||
| 300 | _a3 : 6 | ||
| 650 | _xBusiness | ||
| 856 | _uhttp://www.regent.edu/acad/global/publications/elj/vol6iss1/3elj_vol6iss1_emuwa.pdf | ||
| 999 |
_c313151 _d313151 |
||